000 02616nam0a2200469 4500
001 RU\NLR\bibl\1230761
005 20260405155227.0
010 _a978-5-9274-0311-0
_9300
021 _aRU
_b2008-23738
_91306
035 _a(nilc)EL/0000185365
035 _a(NLR Aleph) 001217034
090 _a114410
_c114410
100 _a20080407d2007 |||y0rusy50 ca
101 0 _arus
_deng
102 _aRU
105 _aa |||||||||
200 1 _aДревесиноведческие аспекты сохранения исторических построек
_dWood Science Approach to the Preservation of Historic Timber Structures
_fМ. В. Кистерная, В. А. Козлов
_g[ФГУК "Гос. ист.-архит. и этногр. музей-заповеник "Кижи", Карел. науч. центр Рос. акад. наук, Ин-т леса]
_zeng
210 _aПетрозаводск
_cКарельский научный центр РАН
_d2007
215 _a130, [2] с., [24] л. цв. ил.
_cил.
_d21
300 _aАвт. также на англ. яз.: M. V. Kisternaya, V. A. Kozlov
300 _aНа 4-й с. обл. авт.: М. В. Кистерная - к.т.н., В. А. Козлов - к.б.н.
320 _aБиблиогр.: с. 122-130
510 0 _6z11790
_aWood Science Approach to the Preservation of Historic Timber Structures
_zeng
606 1 _aАрхитектурные памятники
_xРеставрация
_yРоссийская Федерация
_92326748
_3RU\NLR\auth\661391660
606 1 _aДеревянная архитектура русская
_91036100
_3RU\NLR\auth\6680371
606 1 _aДревесина
_xКачество
_92190690
_3RU\NLR\auth\661316908
686 _a37.11
_vLBC/RL
_2rubbk
686 _a79.0
_vLBC/RL
_2rubbk
686 _aЩ113(2Р=Рус)0-47
686 _aЩ117.035-082.06
686 _aМ13-906
700 1 _4070
_8rus
_7ca
_aКистерная
_bМ. В.
_gМаргарита Васильевна
_3RU\NLR\auth\7766051
_948980
701 1 _4070
_8rus
_7ca
_aКозлов
_bВ. А.
_cканд. биол. наук
_gВалерий Александрович
_3RU\NLR\auth\7766049
_948978
790 1 _4070
_8rus
_7ba
_aKisternaja
_bM. V.
_gMargarita Vasil'evna
_3RU\NLR\auth\7766053
_948982
790 1 _4070
_8rus
_7ba
_aKozlov
_bV. A.
_cканд. биол. наук
_gValerij Aleksandrovič
_3RU\NLR\auth\7766054
_948983
801 0 _aRU
_bНБР Карелия
_c20080407
_grcr
801 1 _aRU
_bНБР Карелия
_c20080407
801 2 _aRU
_bNLR
_c20080522
_grcr
942 _cBOOK
980 _aNB